| 000 | 05222nam a22004817a 4500 | ||
|---|---|---|---|
| 005 | 20100517095936.0 | ||
| 010 | _aHIN-89291 B-412127-144 | ||
| 020 |
_a9789350001646 _c395.00 |
||
| 035 | _aHN-61637 | ||
| 035 | _aB-412127-144 | ||
| 037 | _bDBAD /PUB | ||
| 082 | _aउ | ||
| 100 |
_aओत्चेनाशेक, यान _926675 |
||
| 245 |
_aरोमियो जूलियट और अँधेराः _cयान ओत्चेनाशेक; निर्मल वर्मा द्वारा अनुदित _b(चेक उपन्यास) / |
||
| 246 |
_aRomeo juliet aur andhera: _bby Jan Otcenasek;Translated by Nirmal Verma |
||
| 260 |
_aनई दिल्ली _bवाणी प्रकाशन _c2010 |
||
| 270 |
_a4695, 21-ए, दरियागंज _bनई दिल्ली _e110002 |
||
| 300 |
_a254पृ _c22सेमी (सजिल्द) |
||
| 650 |
_aहिन्दी कथा साहित्य _9657 |
||
| 650 |
_aHindi fiction _926676 |
||
| 700 |
_aवर्मा, निर्मल _923552 |
||
| 942 |
_2ddc _cHN _mओत्चेना _hउ |
||
| 999 |
_c36132 _d36132 |
||